100 największych miast Europy - Statystyki

Ogólne statystyki
  • Ten quiz został rozwiązany 257 razy
    236 od ostatniego zresetowania
  • Średni wynik to 60 z 100
Statystyki odpowiedzi
Państwo/Liczba ludności Miasto % Poprawnych
5.Niemcy/3 755 251 Berlin
98%
2.Rosja/12 678 079 Moskwa
98%
13.Polska/1 861 599 Warszawa
98%
6.Hiszpania/3 266 126 Madryt
97%
3.Wielka Brytania/8 961 989 Londyn
96%
7.Ukraina/2 967 360 Kijów
95%
9.Francja/2 187 271 Paryż
95%
8.Włochy/2 825 661 Rzym
95%
16.Hiszpania/1 620 809 Barcelona
94%
11.Białoruś/1 995 471 Mińsk
94%
21.Czechy/1 357 326 Praga
94%
1.Turcja/15 636 243 Stambuł
94%
14.Węgry/1 723 836 Budapeszt
92%
10.Austria/2 005 760 Wiedeń
92%
15.Rumunia/1 716 983 Bukareszt
91%
18.Niemcy/1 512 491 Monachium
91%
17.Szwecja/1 617 407 Sztokholm
91%
40.Holandia/882 633 Amsterdam
90%
44.Polska/806 200 Kraków
89%
54.Polska/673 743 Wrocław
88%
51.Norwegia/709 037 Oslo
87%
4,Rosja/5 398 064 Sankt Petersburg
87%
12.Niemcy/1 905 509 Hamburg
86%
20.Włochy/1 359 905 Mediolan
86%
56.Finlandia/664 028 Helsinki
83%
46.Chorwacja/767 131 Zagrzeb
83%
60.Polska/652 015 Łódź
82%
50.Ukraina/717 803 Lwów
82%
22.Bułgaria/1 278 031 Sofia
82%
86.Polska/541 316 Poznań
81%
63.Grecja/637 798 Ateny
80%
75.Irlandia/588 233 Dublin
80%
59.Dania/653 664 Kopenhaga
80%
100.Portugalia/505 526 Lizbona
80%
37.Włochy/922 094 Neapol
80%
71.Litwa/602 430 Wilno
80%
25.Serbia/1 166 763 Belgrad
79%
69.Łotwa/605 802 Ryga
78%
19.Ukraina/1 443 207 Charków
76%
84.Wielka Brytania/545 501 Manchester
76%
94.Francja/522 228 Lyon
74%
41.Francja/868 277 Marsylia
73%
30.Niemcy/1 084 831 Kolonia
72%
39.Włochy/883 281 Turyn
72%
55.Mołdawia/665 500 Kiszyniów
71%
28.Wielka Brytania/1 137 100 Birmingham
69%
38.Ukraina/901 645 Donieck
69%
73.Niemcy/593 317 Dortmund
69%
62.Holandia/644 527 Rotterdam
69%
45.Hiszpania/801 545 Walencja
68%
74.Wielka Brytania/593 060 Glasgow
65%
33.Ukraina/1 018 669 Odessa
65%
93.Macedonia Północna/526 502 Skopje
65%
52.Hiszpania/684 234 Sewilla
64%
67.Niemcy/625 341 Lipsk
61%
58.Włochy/657 936 Palermo
61%
82.Holandia/562 954 Haga
57%
35.Ukraina/980 948 Dniepr
56%
23.Rosja/1 257 391 Kazań
56%
83.Niemcy/554 649 Drezno
54%
64.Niemcy/632 885 Stuttgart
53%
43.Wielka Brytania/812 000 Leeds
51%
85.Belgia/544 759 Antwerpia
50%
80.Niemcy/567 559 Brema
50%
68.Szwecja/607 882 Göteborg
49%
34.Rosja/1 008 998 Wołgograd
49%
78.Hiszpania/574 654 Malaga
47%
88.Niemcy/534 049 Hanower
46%
65.Niemcy/630 691 Düsseldorf
45%
47.Niemcy/764 104 Frankfurt nad Menem
44%
24.Rosja/1 252 236 Niżny Nowogród
44%
91.Niemcy/523 026 Norymberga
44%
57.Hiszpania/661 108 Saragossa
42%
76.Niemcy/586 787 Essen
40%
27.Rosja/1 137 904 Rostów nad Donem
39%
48.Ukraina/722 713 Zaporoże
39%
29.Rosja/1 128 787 Ufa
37%
99.Francja/509 200 Tuluza
35%
72.Włochy/595 025 Genua
34%
26.Rosja/1 156 659 Samara
34%
32.Rosja/1 055 397 Perm
33%
98.Białoruś/510 300 Homel
29%
36.Rosja/932 629 Krasnodar
28%
53.Ukraina/680 000 Krzywy Róg
28%
97.Ukraina/513 149 Sewastopol
28%
77.Wielka Brytania/582 506 Sheffield
28%
81.Rosja/567 443 Jarosław
23%
42.Rosja/838 042 Saratów
20%
92.Rosja/529 793 Astrachań
13%
87.Rosja/539 290 Riazań
13%
31.Rosja/1 058 261 Woronież
10%
70.Rosja/604 266 Machaczkała
9%
79.Rosja/572 188 Orenburg
8%
61.Rosja/648 146 Iżewsk
7%
49.Rosja/721 752 Togliatti
7%
66.Rosja/627 705 Uljanowsk
6%
95.Rosja/520 300 Penza
5%
90.Wielka Brytania/531 960 Bradford
4%
96.Rosja/518 348 Kirow
3%
89.Rosja/533 839 Nabierieżnyje Czełny
2%
Nie znaleziono quizów pasujących do podanych kryteriów
Rozkład punktacji
Procent ludzi z każdym wynikiem
Percentyl według liczby udzielonych odpowiedzi
Twoja historia wyników
Nie rozwiązałeś tego quizu od ostatniego zresetowania